Vietnam as if… Tales of youth, love and destiny (Record no. 67384)

MARC details
000 -LEADER
fixed length control field 02503nam a2200253Ii 4500
003 - CONTROL NUMBER IDENTIFIER
control field URS
005 - DATE AND TIME OF LATEST TRANSACTION
control field 20230602153426.0
008 - FIXED-LENGTH DATA ELEMENTS--GENERAL INFORMATION
fixed length control field 221202s xx 000 0 und d
040 ## - CATALOGING SOURCE
Transcribing agency URS
100 1# - MAIN ENTRY--PERSONAL NAME
Personal name Huynh, Kim,
Relator term author
245 #0 - TITLE STATEMENT
Title Vietnam as if… Tales of youth, love and destiny
264 ## - PRODUCTION, PUBLICATION, DISTRIBUTION, MANUFACTURE, AND COPYRIGHT NOTICE
Name of producer, publisher, distributor, manufacturer ANU Press
Date of production, publication, distribution, manufacture, or copyright notice 2015
300 ## - PHYSICAL DESCRIPTION
Extent 1 online resource
336 ## - CONTENT TYPE
Content type term text
Content type code txt
Source rdacontent
337 ## - MEDIA TYPE
Media type term computer
Media type code c
Source rdamedia
338 ## - CARRIER TYPE
Carrier type term online resource
Carrier type code cr
Source rdacarrier
520 ## - SUMMARY, ETC.
Summary, etc. Vietnam as if… follows five young people who have moved from the countryside to the city. Their dramatic everyday lives illuminate some of the most pressing issues in Vietnam today: ‘The Sticky Rice Seller’ explores gender roles; ‘The Ball Boy’ is all about the struggles of sexual and ethnic minorities; ‘The Professional’ examines relations between rich and poor; ‘The Goalkeeper’ delves into politics and ideology; and ‘The Student’ reflects upon family and faith. The stories also reboot several classics of Vietnamese literature for the twenty-first century, including ‘Floating Dumplings’ by feminist poet Ho Xuan Huong, Vu Trong Phung’s satire of French colonialism Dumb Luck, Nguyen Du’s epic account of fate and sacrifice ‘The Tale of Kieu’, and the proclamations of Ho Chi Minh. These novellas reveal the deepest sentiments of Vietnamese youth as they : like youth everywhere : come of age, fall in love and contest their destiny. In 2011 Kim Huynh returned to Vietnam, having left more than three decades earlier. He had few plans other than to experience as much of his birthplace as possible. That year he came into contact with a wide range of people and took on many trades. Kim drank and dined with government officials, went on pilgrimages with corporate tycoons and marched in the streets against foreign aggression. He sold sticky rice, was a tennis player and also a ball boy, attended all manner of rituals and celebrations, eavesdropped on people in cafés and restaurants, and went back to the classroom as both a student and a teacher. Rich in detail and broad in scope, these tales capture Kim’s experiences and imaginings of Vietnam as if….
653 ## - INDEX TERM--UNCONTROLLED
Uncontrolled term Ho Chi Minh
653 ## - INDEX TERM--UNCONTROLLED
Uncontrolled term Kim Li�n
653 ## - INDEX TERM--UNCONTROLLED
Uncontrolled term Vietnam
653 ## - INDEX TERM--UNCONTROLLED
Uncontrolled term Youth Culture
856 ## - ELECTRONIC LOCATION AND ACCESS
Uniform Resource Identifier <a href="https://library.oapen.org/bitstream/20.500.12657/32985/1/578876.pdfhttp://press.anu.edu.au/titles/vietnam-as-if/http://library.oapen.org/handle/20.500.12657/32985">https://library.oapen.org/bitstream/20.500.12657/32985/1/578876.pdfhttp://press.anu.edu.au/titles/vietnam-as-if/http://library.oapen.org/handle/20.500.12657/32985</a>
942 ## - ADDED ENTRY ELEMENTS (KOHA)
Koha item type E-Book
Source of classification or shelving scheme Library of Congress Classification
Holdings
Withdrawn status Damaged status Not for loan Home library Current library Date acquired Total Checkouts Date last seen Price effective from Koha item type
      Directory of Open Access Books Directory of Open Access Books 11/28/2022   11/28/2022 11/28/2022 E-Book

University of Rizal System
Email us at univlibservices@urs.edu.ph

Visit our Website www.urs.edu.ph/library